Donia

Bibliographic Details
Main Author: Lamia Aimal
Other Authors: Mali Jaafar (Illustrator)
Format: Book
Published: Kuala Lumpur : Creative Enterprise Sdn.Bhd. , 1994, 2000
Series:Novel creative
Subjects:

MARC

LEADER 00000cam a2200000 7i4500
001 0000009347
002 000010177
005 20010320.0
020 |a 9838930814 
090 0 0 |a F   |b LAM 
100 0 |a Lamia Aimal 
245 1 0 |a Donia   |c Lamia Aimal 
260 |a Kuala Lumpur :   |b Creative Enterprise Sdn.Bhd. ,   |c 1994, 2000 
300 |a 286p. ;   |c 18cm. 
490 0 |a Novel creative 
650 0 0 |a Malay fiction 
700 0 |a Mali Jaafar ,   |e ill 
999 |a 099079   |b BUKU   |c FICTION   |e PERPUSTAKAAN KOMUNITI PETALING JAYA